Diagnostika kože s použitím tenkovrstvového poľa IDA mikroelektród

Na minha lista:
Detalhes bibliográficos
Autor principal: Jenei, Ronald (Author)
Outros Autores: Ivanič, Rastislav (Thesis advisor), Weis, Michal (Thesis advisor)
Formato: Manuscrito Livro
Idioma:eslovaco
Publicado em: Bratislava : STU v Bratislave FEI, 2001
Assuntos:
Tags: Adicionar Tag
Sem tags, seja o primeiro a adicionar uma tag!

MARC

LEADER 00000ntm a22000003a 4500
001 stu75751
005 20170718091308.6
008 020520s2001------------------------slo-d
040 |a STU  |b slo 
041 0 |a slo 
100 1 |a Jenei, Ronald  |4 aut 
245 1 |a Diagnostika kože s použitím tenkovrstvového poľa IDA mikroelektród 
260 |a Bratislava :  |b STU v Bratislave FEI,  |c 2001 
300 |a 38 s 
650 7 |a elektronika  |2 stusub 
700 1 |a Ivanič, Rastislav  |4 ths  |u E210  |U FEI Fakulta elektrotechniky a informatiky  |T FEI Katedra mikroelektroniky  |U E210  |Y 68 
700 1 |a Weis, Michal  |4 ths